000 01061cam a2200301 i 4500
001 23481600
005 20250327144635.0
008 231228s2024 enk b 001 0 eng
010 _a 2023952681
020 _a9781035322336
020 _a9781035322350
020 _z9781035322343
042 _apcc
082 _a330.09 BER
100 1 _a Berg, Van den Hendrik,
245 1 2 _aA Pluralistic Introduction To Macroeconomics :
_bMethodology Theory And Policy
260 _aUK
_bEdward Elgar Pub.
_c2024
264 1 _aCheltenham, UK ;
_aNorthampton, MA, USA :
_bEdward Elgar Publishing,
_c[2024]
300 _a499 pages ;
_c26 cm
336 _atext
_btxt
_2rdacontent
337 _aunmediated
_bn
_2rdamedia
338 _avolume
_bnc
_2rdacarrier
504 _aIncludes bibliographical references (pages 471-482) and index.
650 0 _aMacroeconomics
906 _a7
_bcbc
_corigres
_d2
_encip
_f20
_gy-gencatlg
942 _cBK
999 _c43445
_d43445